000 00446nam a22001697r 4500
003 3228
005 20260603131011.0
008 260603b sa ||||| |||| 00| 0 eng d
020 _a9780001954652
_qHardcover
040 _c3228
_erda
082 0 _aEKF SME
100 _9107884
_a SMEE, Nicola
245 _aABC
260 _aLondon;
_bHarperCollins Publishers,
_c1990
300 _aUnnumbered
_bColour Illustrations
_c20 cm
942 _2ddc
_cBOOK
_w377
_xLungile Vilakazi
_y377
_zLungile Vilakazi
999 _c799609
_d799608